000 00221 a2200097 4500
001 13892
100 _aAnthony E
245 _aThe Persion Price
260 _aLondon
_bCoward Mc Cann & Geoghegon
_c
090 _c10860
_d10860
942 _aNUST-CAE
_cM
_c959
999 _c248965
_d248965